000 01027nam0a22002651 4500
001 rc\2901084
005 20110802112346.3
035 _a(NLR Aleph) 007052412
090 _a6204248
_c6204248
100 _a20110802d1939 |||y0rusy50 ca
101 0 _arus
102 _aRU
105 _aa gj |||||
200 1 _aСправочник по грамматике французского языка
_fМ.М. Алексеева, Е.С. Веселовская, Е.Н. Грекулова [и др.]
_gВоен.-трансп. акад. РККА им. Л.М. Кагановича
210 _aЛенинград
_cБ. и.
_d1939
_gтип. ВТА РККА им. Л. М. Кагановича
215 _a[4], 332 с., 1 л. табл.
_d20 см
300 _aТекст литогр.
700 1 _aАлексеева
_bМ. М.
701 1 _aВеселовская
_bЕ. С.
701 1 _aГрекулова
_bЕ. Н.
801 0 _aRU
_bNLR
_gpsbo
801 1 _aRU
_bELAR
_2rusmarc
852 _aNLR
_jЯ30 Г-3/10
942 _cBOOK
980 _aNB